书目信息 |
| 题名: |
日本短篇小说选
|
|
| 作者: | 文洁若 编 | |
| 分册: | ||
| 出版信息: | 北京 人民文学出版社 1981 |
|
| 页数: | 643页 | |
| 开本: | 19cm | |
| 丛书名: | ||
| 单 册: | ||
| 中图分类: | I313.4 | |
| 科图分类: | ||
| 主题词: | 小说--日本 | |
| 电子资源: | ||
| ISBN: | ||
| 000 | 00610nam0 2200229 45 | |
| 001 | 0181007751 | |
| 005 | 20060815005205.90 | |
| 010 | @dCNY1.50 | |
| 091 | @a10019.3081 | |
| 100 | @a19950622d1981 em y0chiy0121 ea | |
| 101 | 1 | @achi@cjpn |
| 102 | @aCN@b110000 | |
| 105 | @ay z 000ay | |
| 200 | 10 | @a日本短篇小说选@Ari ben duan pian xiao shuo xuan@f文洁若编@FWen Jie RuoBian |
| 210 | @a北京@c人民文学出版社@d1981 | |
| 215 | @a643页@d19cm | |
| 606 | 0 | @a小说@y日本 |
| 690 | @aI313.4@v3 | |
| 701 | 0 | @a文洁若@4编 |
| 801 | 2 | @aCN@bNLC@c20060815 |
| 801 | 0 | @aCN@b上海图书馆@c20040330 |
| 905 | @dI313.4@e102 | |
| 日本短篇小说选/文洁若编.-北京:人民文学出版社,1981 |
| 643页;19cm |
| ISBN :CNY1.50 |
| ● |
| 相关链接 |
|
|
|
|
正题名:日本短篇小说选
索取号:I313.4/102
 
预约/预借
| 序号 | 登录号 | 条形码 | 馆藏地/架位号 | 状态 | 备注 |
| 1 | 0041745 | 001913415 | 密集书库/ [索取号:I313.4/102] | 在馆 | |
| 2 | 0041749 | 202372244 | 密集书库/ [索取号:I313.4/102] | 在馆 | |
| 3 | 0041751 | 000738606 | 第二借阅区/ [索取号:I313.4/102] | 在馆 | |
| 4 | 0426991 | 204269914 | 密集书库/ [索取号:I313.4/102] | 在馆 |